000 00570nam a2200277Ia 4500
005 20260401122255.0
008 008 250103s9999 xx 000 0 eng d
020 _a674994442
037 _aTB
040 _aEDL
040 _beng
040 _cEDL
041 _2eng
041 _aeng
084 _a182 CIC
084 _qEDL
245 0 _aAd Herennium
260 _aCambridge
260 _bHarvard University Press
260 _c2004
300 _a433p
942 _cTB
942 _h182 CIC
999 _c1846125
_d1846125